Geography Quiz

Random Geography or City Quiz

Cities and Countries Quiz Stats

 Plays Quiz Updated Mar 8, 2017

Challenge
Share
Tweet
Embed
Score 0/24 Timer 08:00
6 Plays Today
Cities Country % Correct
Jerusalem, Tel Aviv, HaifaIsrael
97.6%
Toronto, Montreal, VancouverCanada
97.6%
Istanbul, Ankara, BursaTurkey
96.5%
Seoul, Busan, IncheonSouth Korea
93.3%
Geneva, Zurich, BernSwitzerland
92.7%
Auckland, Wellington, ChristchurchNew Zealand
87.4%
Vienna, Linz, InnsbruckAustria
83.3%
Kingston, Montego Bay, PortmoreJamaica
79.5%
Nairobi, Mombasa, MarsabitKenya
76.1%
Casablanca, Rabat, FezMorocco
74.9%
Manila, Quezon City, DavaoPhilippines
69.8%
Minsk, Homyel, BrestBelarus
61.1%
Cities Country % Correct
Bucharest, Iasi, ConstantaRomania
59.3%
Guayaquil, Quito, MachalaEcuador
59%
San Jose, Barranca, Puerto LimonCosta Rica
46.3%
Dhaka, Chittagong, KhulnaBangladesh
41.1%
Colombo, Jaffna, GalleSri Lanka
39%
Muscat, Sur, SalalahOman
37.5%
Almaty, Astana, KyzylordaKazakhstan
37.1%
Bishkek, Osh, Tash-KomurKyrgyzstan
23.7%
Maputo, Beira, NacalaMozambique
22.3%
Conakry, Labe, KankanGuinea
18%
Basseterre, Sandy Point Town, CharlestonSt. Kitts and Nevis
17.5%
Koror, Airai, MelekeokPalau
14%

You're not logged in!

Compare scores with friends on all Sporcle quizzes.
OR
Log In

You Might Also Like...

Show Comments

Extras

Top Quizzes Today


Score Distribution

Your Account Isn't Verified!

In order to create a playlist on Sporcle, you need to verify the email address you used during registration. Go to your Sporcle Settings to finish the process.

Report this User

Report this user for behavior that violates our Community Guidelines.

Details: